Udržateľný marketing a spoločensky zodpovedné investovanie diplomová práca

Salvato in:
Dettagli Bibliografici
Autore principale: Batromij, Michaela
Ente Autore: Obchodná fakulta EU. Katedra marketingu
Altri autori: Oreský, Milan, 1956-
Natura: Libro
Lingua:slovacco
Pubblicazione: Bratislava 2023
Tags: Aggiungi Tag
Nessun Tag, puoi essere il primo ad aggiungerne!!

MARC

LEADER 00000nbm a2200000 4500
001 0295964
005 20231219141424.7
041 0 |a slo 
044 |a SK 
245 1 0 |a Udržateľný marketing a spoločensky zodpovedné investovanie  |b diplomová práca  |c Michaela Batromij ; školiteľ: Milan Oreský 
264 1 |a Bratislava  |c 2023 
300 |a 82 s. 
100 1 |a Batromij, Michaela 
700 1 |a Oreský, Milan, 1956- 
710 2 |a Obchodná fakulta EU. Katedra marketingu